MDQL
is popping MORE tags! Check the
thread
!
Quizzes
Events
Quiz Creation
Community
Videos
Private Events
Remove Ads
Sign In
Join for FREE
Feedback
Dark Mode
Quiz Categories
Sports
Geography
Music
Movies
Television
Just For Fun
Miscellaneous
History
Literature
Language
Science
Gaming
Entertainment
Religion
Holiday
For Kids
Quiz Lab
Recent
Popular Today
Quiz Kudos Today
Editor Picks
Curator Picks
Quizzes by...
Day
Popularity
Type
Ratings
Length
Year
Community
Subscriptions
Recent Discussions
Orange Saloon
Badges
Playlists
Quests
Create
Leaderboards
Showdown
Live 5
Trivia Bingo
Activity
Puzzle Library
Sporcle Events
Private Events
Virtual Trivia
Globe League
Become a Host
Pub Owners
SporcleCon
Opinionation
Our Games
Videos
Blog
Mobile Apps
Partnerships
Remove Ads and Go Orange
Feedback
Movies
Disney
Marvel Cinematic Universe
Movie Resume
Movie Titles
Oscar
Actor
Actress
Director
Pixar
Role
Movie Quotes
Movie Characters
Box Office
Nominee
Best Picture
Star Wars
James Bond
Horror Movies
Movies
Disney
Marvel Cinematic Universe
Movie Resume
Movie Titles
Oscar
Actor
Actress
Director
Pixar
Role
Movie Quotes
Movie Characters
Box Office
Nominee
Best Picture
Star Wars
James Bond
Horror Movies
Random Quiz
Search Sporcle
×
Quiz Lab
Quiz Lab
Movies
Cary Grant
Type in answers that appear in a list
Type in answers that appear in a list
Classic
Best Score? Go Orange.
Cary Grant movies Stats
Can you name the Cary Grant movies?
By
YellowStapler
15m
73 Questions
139 Plays
139 Plays
139 Plays
Comments
Comments
Give Quiz Kudos
Give Quiz Kudos
-
- Ratings
hide this ad
Replay
Link that replays current quiz
Next Quiz
Link to next quiz in quiz playlist
You Got
0%
They Got
Avg Score
58%
Avg Friend Score
Upgrade to see
Score Distribution
Jump to the score distribution portion of the page
Score
0/73
Timer
15:00
0
Plays Today
Year
Movie
% Correct
1959
North By Northwest
94.9%
1944
Arsenic and Old Lace
91.3%
1963
Charade
91.3%
1940
The Philadelphia Story
90.6%
1955
To Catch a Thief
89.9%
1938
Bringing Up Baby
89.1%
1946
Notorious
88.4%
1948
Mr. Blandings Builds His Dream House
84.1%
1964
Father Goose
84.1%
1941
Suspicion
83.3%
1947
The Bishop's Wife
81.9%
1957
An Affair to Remember
81.2%
1938
Holiday
77.5%
1940
His Girl Friday
77.5%
1952
Monkey Business
77.5%
1959
Operation Petticoat
76.1%
1937
The Awful Truth
75.4%
1949
I Was a Male War Bride
73.9%
1939
Gunga Din
73.2%
1940
My Favorite Wife
72.5%
1966
Walk Don't Run
71.7%
1933
She Done Him Wrong
70.3%
1939
Only Angels Have Wings
70.3%
1941
Penny Serenade
69.6%
1958
Houseboat
69.6%
1946
Night and Day
68.1%
1933
Alice in Wonderland
67.4%
1942
The Talk of the Town
65.9%
1951
People Will Talk
64.5%
1962
That Touch of Mink
64.5%
1937
Topper
63.8%
1947
The Bachelor and the Bobby-Soxer
63.8%
1958
Indiscreet
62.3%
1943
Destination Tokyo
59.4%
1935
Sylvia Scarlett
58.7%
1944
None But the Lonely Heart
57.2%
1943
Mr. Lucky
55.8%
Year
Movie
% Correct
1957
The Pride and the Passion
55.8%
1960
The Grass is Greener
55.1%
1952
Room for One More
50.7%
1933
I'm No Angel
50%
1948
Every Girl Should Be Married
50%
1957
Kiss Them For Me
49.3%
1942
Once Upon a Honeymoon
47.1%
1932
Blonde Venus
44.9%
1934
Born to be Bad
43.5%
1940
The Howards of Virginia
43.5%
1950
Crisis
43.5%
1953
Dream Wife
43.5%
1932
Madame Butterfly
42%
1933
The Eagle and the Hawk
42%
1944
Once Upon a Time
42%
1932
This is the Night
41.3%
1934
Kiss and Make-Up
41.3%
1936
Big Brown Eyes
41.3%
1936
The Amazing Quest of Ernest Bliss
41.3%
1939
In Name Only
41.3%
1932
Merrily We Go to Hell
40.6%
1935
Wings in the Dark
39.9%
1936
Suzy
39.9%
1936
Wedding Present
39.9%
1932
Hot Saturday
38.4%
1932
Sinners in the Sun
37.7%
1932
Devil and the Deep
37%
1935
The Last Outpost
36.2%
1934
Ladies Should Listen
35.5%
1937
The Toast of New York
35.5%
1933
Gambling Ship
34.8%
1937
When You're in Love
34.8%
1932
Singapore Sue
34.1%
1934
Thirty Day Princess
34.1%
1935
Enter Madame
33.3%
1933
The Woman Accused
31.9%
Quiz Playlist
Details
Report
Send in Message
Add To Playlist
Classic:
Type in answers that appear in a list
Last Updated: Feb 16, 2017
Quiz Scoreboard
CHALLENGE
Sign Up to Join the Scoreboard
Show All
Scores
Hide
Comments
May contain spoilers
Recently Published
Street Fighter Characters
by Artimus82
Gaming
60s
9x9 Crossword: Cartoon Network
by jackfrog10
Miscellaneous
3m
College Basketball Coaching Resumes
by pancakes188
Sports
9m
More to Explore
Quiz From the Vault
Featured Blog Post
Where Did the Easter Bunny Come From?
hide this ad
You Might Also Like...
Tags
Cary Grant
Character
Today's Top Quizzes in Movies
Browse Movies
hide this ad
Today's Top Quizzes in Cary Grant
Browse Cary Grant
Top Contributed Quizzes in Movies
1
Pick 5 Posters: Directed by Spielberg
2
7-to-1: Pixar Characters
3
Pick 5 Posters: Lowest-Rated Spielberg
4
Hidden Star Wars Character II
5
Sorting Actors
6
Sorting Actresses
7
Pick 5 Posters: Directed by Scorsese
8
Hidden Star Wars Character III
9
Pick 5 Posters: Star & Director
10
Hidden Star Wars Character IV
Explore More
Trending Topics
Disney
NBA
Marvel
Kpop
Harry Potter
Anime
Crossword
NFL
Song
Puzzle
WWE
Soccer
Country
The Office
Pokémon
hide this ad
More By:
YellowStapler
Quiz
Plays
Rating
Category
Featured
Created
Guess the StarKid Lyrics
8,461
4.76
Music
Jun 1, 2011
Guess the StarKid Lyrics 2
4,969
4.76
Music
Jun 11, 2011
Beauty and the Beast Prologue
3,739
4.70
Movies
Sep 19, 2010
Figure out the Disney Song Lyrics
3,668
4.00
Music
Oct 18, 2010
Guess the StarKid Lyrics 3
1,680
5.00
Music
Jun 11, 2011
Go to Creator's Profile
Score Distribution
Quiz Creator Spotlight
YellowStapler
Follow
Send a Message
Quizzes Created
-
Created Quiz Play Count
-
More By This Creator
Popular Quizzes Today
1
Find the US States - No Outlines Minefield
2
Find the Countries of Europe - No Outlines Minefield
3
The Countries of the World
4
Find the US States
5
Risky Map Clicking: Biggest States A-Z
6
US States
7
Popular People in 1961
8
Movies - When Are They Set?
More Movies Quizzes
12 Months of Film (2021)
Editor's Pick
Trending Quizzes
Risky Map Clicking: Least Populous States A-Z
Countries of the World: 200 Million BC
1-10 Letter G Words
Risky Map Clicking: Next State Alphabetically
Adjectives in 80s TV Shows
Recently Updated
Leaping Animals
pecheneg
Reality TV Shows (A-Z)
bhenderson79
Rickey Henderson's Hall of Fame Teammates
pecheneg
Champions League XIs: Arsenal
pecheneg
Quick Pick: Celebrities in WWE's Hall of Fame
aduchscher
A-Z Keypad Blitz II
pecheneg
Multiple Oscar Actors
pecheneg
Mystery Phrase Blitz: Oscar 'Best Actors'
pecheneg
F. Scott Fitzgerald Novels
LTH
Pick 3 Villains
ddd62291
Trending Topics
Disney
Kpop
Marvel
NBA
Anime
Crossword
Harry Potter
Country
Soccer
Song
WWE
Pokémon
The Office
NFL
Puzzle
Your Account Isn't Verified!
In order to create a playlist on Sporcle, you need to verify the email address you used during registration. Go to your
Sporcle Settings
to finish the process.
Report this User
Report this user for behavior that violates our
Community Guidelines
.
Details:
Send Report
Go to the Sporcle.com Mobile Site →
Comments